5HLuxD.jpg

KING HENRY VIII SENIOR AND PRIMARY SCHOOL LIBRARY OPAC

The best exotic marigold hotel / (Record no. 1127)

000 -LEADER
fixed length control field 00955cam a2200289Ma 4500
001 - CONTROL NUMBER
control field .b25871766
003 - CONTROL NUMBER IDENTIFIER
control field OCoLC
005 - DATE AND TIME OF LATEST TRANSACTION
control field 20211008150430.0
008 - FIXED-LENGTH DATA ELEMENTS--GENERAL INFORMATION
fixed length control field 160909s2012 enk 000 f eng d
020 ## - INTERNATIONAL STANDARD BOOK NUMBER
International Standard Book Number 9780099572022
Qualifying information (pbk.)
020 ## - INTERNATIONAL STANDARD BOOK NUMBER
International Standard Book Number 0099572028
Qualifying information (pbk.)
040 ## - CATALOGING SOURCE
Original cataloging agency UKMGB
Transcribing agency UKMGB
Modifying agency RDI
042 ## - AUTHENTICATION CODE
Authentication code nbic
082 04 - DEWEY DECIMAL CLASSIFICATION NUMBER
Classification number FIC MOG
Edition number 23
100 1# - MAIN ENTRY--PERSONAL NAME
Personal name Moggach, Deborah.
Relator term author
245 14 - TITLE STATEMENT
Title The best exotic marigold hotel /
Statement of responsibility, etc. by Deborah Moggach.
260 ## - PUBLICATION, DISTRIBUTION, ETC.
Place of publication, distribution, etc. London :
Name of publisher, distributor, etc. Vintage,
Date of publication, distribution, etc. 2012.
300 ## - PHYSICAL DESCRIPTION
Extent 281 p. ;
Dimensions 20 cm.
500 ## - GENERAL NOTE
General note First published by Vintage Books in 2005 with the title: These foolish things.
500 ## - GENERAL NOTE
General note First published in Great Britain in 2004 by chatto & Windus with the title: These foolish things.
650 #0 - SUBJECT ADDED ENTRY--TOPICAL TERM
Topical term or geographic name entry element Older people
Form subdivision Fiction.
650 #0 - SUBJECT ADDED ENTRY--TOPICAL TERM
Topical term or geographic name entry element Old age homes
Form subdivision Fiction.
650 #0 - SUBJECT ADDED ENTRY--TOPICAL TERM
Topical term or geographic name entry element British
Geographic subdivision India
Form subdivision Fiction.
651 #0 - SUBJECT ADDED ENTRY--GEOGRAPHIC NAME
Geographic name Bangalore (India)
Form subdivision Fiction.
740 0# - ADDED ENTRY--UNCONTROLLED RELATED/ANALYTICAL TITLE
Uncontrolled related/analytical title These foolish things.
942 ## - ADDED ENTRY ELEMENTS (KOHA)
Source of classification or shelving scheme
Koha item type Books - Fiction
Holdings
Withdrawn status Lost status Source of classification or shelving scheme Damaged status Not for loan Collection code Permanent Location Current Location Shelving location Date acquired Full call number Barcode Date last seen Price effective from Koha item type
          Fiction KH8 Senior School Library KH8 Senior School Library Fiction 2021-10-08 FIC MOG 3KHSL000101854 2021-10-08 2021-10-08 Books - Fiction

Powered By KH8 IT Dept